[Event "Corr"]
[Site "?"]
[Date "2001.09.01"]
[Round "?"]
[White "Rooms Trevor (ENG)"]
[Black "Valverde Lopez Mario"]
[Result "1-0"]
[WhiteElo "2333"]
[BlackElo "2227"]
[PlyCount "61"]
[EventDate "2001.??.??"]
[Source "www.chesslib.no"]
[SourceDate "2004.05.04"]

1. d4 e5 2. dxe5 Nc6 3. Nf3 Qe7 4. Nc3 Nxe5 5. e4 c6 6. Nxe5 Qxe5 7. f4 Qe7 8. Be2 b5 9. a3 d6 10. Qd4 Nf6 11. a4 Bb7 12. O-O bxa4 13. Rxa4 a6 14. Qb6 d5 15. Be3 Rb8 16. Re1 Nd7 17. Qa7 d4 18. Bxd4 Qh4 19. Bf2 Bc5 20. Qxc5 Nxc5 21. Bxh4 Nxa4 22. Nxa4 Bc8 23. Rd1 f6 24. e5 Rb4 25. exf6 O-O 26. fxg7 Rfxf4 27. Be1 Rbd4 28. Rxd4 Rxd4 29. Nc5 Rd1 30. Bxd1 Kxg7 31. Bf3 1-0

[Event "Lyngby Open"]
[Site "Lyngby DEN"]
[Date "1991.??.??"]
[Round "6"]
[White "Olsen, Nils Linde"]
[Black "Chaplin, Erik"]
[Result "1-0"]
[WhiteElo "2290"]
[BlackElo "2270"]
[PlyCount "43"]
[EventDate "1991.??.??"]
[Source "www.chesslib.no"]
[SourceDate "2004.05.04"]

1. d4 e5 2. dxe5 Nc6 3. Nf3 Qe7 4. Qd5 f6 5. exf6 Nxf6 6. Qb3 d5 7. e3 g6 8. Be2 Bg7 9. O-O Qc5 10. Nc3 Bd7 11. Qxb7 Rb8 12. Qxc7 O-O 13. Ne5 Be8 14. Nd3 Qb6 15. Qxb6 Rxb6 16. Rd1 Bf7 17. Na4 Rbb8 18. c3 Rfe8 19. b3 Ne4 20. Bb2 Bh6 21. Nac5 Nd6 22. Nd7 1-0

[Event "Coupe d'Europe des Clubs (feminin)"]
[Site "?"]
[Date "2004.10.05"]
[Round "3"]
[White "Zaiatz Elena"]
[Black "Vovinkina Natalia"]
[Result "1/2-1/2"]
[WhiteElo "2400"]
[BlackElo "2156"]
[PlyCount "79"]
[EventDate "2004.??.??"]
[Source "www.chesslib.no"]
[SourceDate "2004.05.04"]

1. d4 e5 2. dxe5 Nc6 3. Nf3 Qe7 4. g3 Nxe5 5. Bg2 Nxf3+ 6. Bxf3 c6 7. c4 d6 8. Nc3 Nf6 9. Bf4 Nd7 10. Qd4 Qf6 11. Qxf6 Nxf6 12. O-O-O Be6 13. b3 O-O-O 14. Rd2 d5 15. cxd5 Nxd5 16. Nxd5 Ba3+ 17. Kc2 Bxd5 18. Bxd5 Rxd5 19. Rxd5 cxd5 20. Rd1 Rd8 21. Rd3 Bb4 22. Bd2 Bxd2 23. Kxd2 Kc7 24. Rf3 f6 25. b4 Re8 26. Rc3+ Kd6 27. Kd3 b6 28. e3 Re7 29. Rc8 Rc7 30. Ra8 Ke6 31. a3 g6 32. h4 Ke5 33. f3 f5 34. Re8+ Kd6 35. Rh8 Ke5 36. Ra8 Kd6 37. g4 fxg4 38. fxg4 Ke6 39. Re8+ Kd6 40. Ra8 1/2-1/2

[Event "Mondiale Junior mas"]
[Site "Gaziantep TUR"]
[Date "2008.08.03"]
[Round "1"]
[White "Nechepurenko, R."]
[Black "Lortkipanidze, N."]
[Result "1-0"]
[WhiteElo "2476"]
[BlackElo "2080"]
[PlyCount "47"]
[EventDate "2008.08.03"]
[Source "www.chesslib.no"]
[SourceDate "2004.05.04"]

1. d4 e5 2. dxe5 Nc6 3. Nf3 Qe7 4. Nc3 Nxe5 5. e4 d6 6. Be2 Be6 7. O-O Nf6 8. Nd4 O-O-O 9. f4 Nc6 10. Nxc6 bxc6 11. Qd4 d5 12. Be3 Qb4 13. Ba6+ Kd7 14. f5 Qa5 15. fxe6+ fxe6 16. e5 Qxa6 17. exf6 gxf6 18. Rxf6 Be7 19. Rf7 Rdf8 20. Raf1 Rxf7 21. Rxf7 Rf8 22. Qg7 Rxf7 23. Qxf7 Qc4 24. Bg5 1-0

[Event "Odorheiu Secuiesc Open"]
[Site "Odorheiu Secuiesc"]
[Date "1993.??.??"]
[Round "2"]
[White "Ionescu, Doru Alexandru"]
[Black "Pessi, Emil"]
[Result "1-0"]
[WhiteElo "2225"]
[BlackElo "2325"]
[PlyCount "120"]
[EventDate "1993.05.??"]
[Source "www.chesslib.no"]
[SourceDate "2004.05.04"]

1. d4 e5 2. dxe5 Nc6 3. e4 Nxe5 4. f4 Nc6 5. Be3 Bb4+ 6. c3 Ba5 7. Nd2 Qe7 8. Qf3 d6 9. Bd3 Nh6 10. h3 f5 11. O-O-O O-O 12. g4 fxg4 13. Qg3 Bb6 14. Bxb6 axb6 15. hxg4 Nxg4 16. Ngf3 Kh8 17. Nh4 Nh6 18. Rdg1 Bg4 19. Qxg4 Rxa2 20. Kb1 Rfa8 21. Qg5 Qxg5 22. fxg5 Nf7 23. Bc4 Ra1+ 24. Kc2 Rxg1 25. Rxg1 Nce5 26. Bd5 c6 27. Bxf7 Nxf7 28. g6 hxg6 29. Nxg6+ Kh7 30. Ne7 g6 31. Nf3 Nh8 32. Ng5+ Kg7 33. Rf1 Kh6 34. Ne6 Kh5 35. Rh1+ Kg4 36. Rg1+ Kf3 37. Nxg6 Nxg6 38. Rxg6 Kxe4 39. Nd4 Ke5 40. Re6+ Kd5 41. Re7 Rb8 42. Kd3 b5 43. Rf7 Kc5 44. Rf6 b4 45. c4 Rh8 46. Nb3+ Kb6 47. Rxd6 Rh2 48. Nd2 Rh3+ 49. Kc2 Kc5 50. Rd3 Rh4 51. Kb3 b5 52. cxb5 Kxb5 53. Rd8 Rh3+ 54. Ka2 c5 55. Rb8+ Kc6 56. Nb3 Rh5 57. Na5+ Kd5 58. Rd8+ Ke6 59. Kb3 Ke7 60. Rd2 Rh4 1-0

[Event "Winter Open"]
[Site "Belgrade SRB"]
[Date "2008.01.24"]
[Round "3"]
[White "Nestorovic, De"]
[Black "Milin, D."]
[Result "1-0"]
[WhiteElo "2417"]
[BlackElo "2129"]
[PlyCount "72"]
[EventDate "2008.01.22"]
[Source "www.chesslib.no"]
[SourceDate "2004.05.04"]

1. d4 e5 2. dxe5 Nc6 3. Nf3 Qe7 4. Nc3 Nxe5 5. Nd5 Nxf3+ 6. gxf3 Qd8 7. Qd4 d6 8. Rg1 c6 9. Nc3 Be6 10. e4 Qb6 11. Be3 Qxd4 12. Bxd4 f6 13. O-O-O Ne7 14. f4 b6 15. Ba6 Kd7 16. f5 Bf7 17. Be3 Kc7 18. Bf4 Rd8 19. Rd3 b5 20. Bxb5 g6 21. Rgd1 Nc8 22. fxg6 hxg6 23. Ba6 Nb6 24. Bg3 Rh5 25. Rf3 Be7 26. b3 Nd7 27. Be2 Ra5 28. h4 Ne5 29. Re3 Be6 30. f4 Ng4 31. Red3 f5 32. Bf3 Bf6 33. Kb1 Nh6 34. Be1 Rc5 35. exf5 Nxf5 36. Ne4 Be7 1-0

[Event "Alushta UKR"]
[Site "?"]
[Date "2006.05.14"]
[Round "2"]
[White "Dovzik Juri"]
[Black "Panchenko Fedor"]
[Result "1-0"]
[WhiteElo "2425"]
[BlackElo "2115"]
[PlyCount "64"]
[EventDate "2006.??.??"]
[Source "www.chesslib.no"]
[SourceDate "2004.05.04"]

1. d4 e5 2. dxe5 Nc6 3. Nf3 Qe7 4. g3 Nxe5 5. Nxe5 Qxe5 6. Bg2 Ne7 7. Nc3 Ng6 8. e4 Bb4 9. O-O Bxc3 10. bxc3 Qxc3 11. Rb1 O-O 12. Bb2 Qc4 13. e5 c6 14. f4 f5 15. Ba3 Rf7 16. Rb3 b6 17. Rf2 Qe6 18. Rd2 Bb7 19. Rd6 Qe8 20. e6 dxe6 21. Rbd3 Rf8 22. Rd7 Ba6 23. Rd2 Qc8 24. Bxf8 Nxf8 25. Rd8 Qb7 26. Rxa8 Qxa8 27. Rd8 Qb7 28. Qd6 Qf7 29. Bxc6 Bc4 30. a4 h6 31. h4 Qf6 32. Qd4 Qe7 1-0

[Event "Issy Les Moulineaux"]
[Site "?"]
[Date "2004.11.21"]
[Round "1.1"]
[White "Kirszenberg Marc"]
[Black "Toulzac Pierre Yves"]
[Result "1-0"]
[WhiteElo "2233"]
[BlackElo "2296"]
[PlyCount "75"]
[EventDate "2004.??.??"]
[Source "www.chesslib.no"]
[SourceDate "2004.05.04"]

1. d4 e5 2. dxe5 Qe7 3. Nf3 Nc6 4. Nc3 Nxe5 5. Nd5 Nxf3+ 6. gxf3 Qd8 7. Bg5 Qxg5 8. Nxc7+ Kd8 9. Nxa8 b6 10. c3 Bb7 11. Nxb6 axb6 12. Qb3 Bc5 13. Qxf7 Bd5 14. h4 Qe5 15. f4 Qxc3+ 16. bxc3 Bxf7 17. e3 Nf6 18. Bd3 Re8 19. a4 Ne4 20. Bxe4 Rxe4 21. a5 b5 22. Kd2 Kc7 23. Rhg1 g6 24. Rg5 Kc6 25. a6 Re8 26. f5 gxf5 27. Rxf5 Bb3 28. Rh5 Ra8 29. Rh6+ d6 30. Rxh7 Ba4 31. a7 Kd5 32. h5 Bxa7 33. h6 Bb6 34. Rg7 Rf8 35. f4 Rh8 36. h7 Ke4 37. Re7+ Kf3 38. Rf1+ 1-0

[Event "Open"]
[Site "?"]
[Date "2003.07.19"]
[Round "9"]
[White "Kamenets Anatolij"]
[Black "Kononenko Dmitry2"]
[Result "1-0"]
[WhiteElo "2326"]
[BlackElo "2170"]
[PlyCount "128"]
[EventDate "2003.??.??"]
[Source "www.chesslib.no"]
[SourceDate "2004.05.04"]

1. d4 e5 2. dxe5 Nc6 3. Nf3 Qe7 4. Qd5 f6 5. exf6 Nxf6 6. Qd1 d5 7. e3 Bf5 8. Bd3 Ne4 9. O-O O-O-O 10. Nd4 Nxd4 11. exd4 Qh4 12. g3 Qf6 13. Be3 Bh3 14. Re1 Bb4 15. c3 Be7 16. Nd2 Nxd2 17. Qxd2 g5 18. Bf1 Bxf1 19. Kxf1 Rdf8 20. Qe2 Bd6 21. Qg4+ Kb8 22. Qxg5 Qf3 23. Qh6 Rf5 24. Qh3 Rg8 25. Qg2 Qg4 26. Kg1 a6 27. Bd2 Rgf8 28. f4 h5 29. Re3 Ka7 30. Rae1 h4 31. Re8 R8f7 32. Rh8 Be7 33. gxh4 Rxf4 34. Bxf4 Qxf4 35. Rg8 Qxh4 36. Rf1 Rxf1+ 37. Qxf1 Bg5 38. Qe2 Qf4 39. Kg2 Qc1 40. a4 Bd2 41. Rf8 Bf4 42. h4 Bd6 43. Rf5 Qh6 44. h5 Qg7+ 45. Kf1 Qd7 46. Qc2 Qe6 47. Kf2 Qe7 48. Qd3 Qh4+ 49. Kf1 Qh1+ 50. Ke2 Qh2+ 51. Kd1 Qxb2 52. Qf3 Qb1+ 53. Ke2 Qc2+ 54. Kf1 Qc1+ 55. Kg2 Qc2+ 56. Qf2 Qe4+ 57. Kh3 Qh1+ 58. Kg4 Qe4+ 59. Kg5 Qe7+ 60. Kg6 Qe6+ 61. Kh7 Bg3 62. Qf3 Qe7+ 63. Rf7 Qd6 64. h6 Bh2 1-0

[Event "Mallorca-ch pref"]
[Site "?"]
[Date "2000.10.21"]
[Round "1"]
[White "Mascaro March Pedro"]
[Black "Astorga Talavera Francisco"]
[Result "1-0"]
[WhiteElo "2353"]
[BlackElo "2134"]
[PlyCount "52"]
[EventDate "2000.??.??"]
[Source "www.chesslib.no"]
[SourceDate "2004.05.04"]

1. d4 e5 2. dxe5 d6 3. Nf3 Nc6 4. Bg5 Qd7 5. exd6 Bxd6 6. e4 Qg4 7. Nbd2 Bd7 8. h3 Qe6 9. Bc4 Qg6 10. Qe2 f6 11. Be3 O-O-O 12. O-O-O Qe8 13. Nd4 Nxd4 14. Bxd4 c5 15. Be3 b5 16. Nf3 Bc6 17. Bd5 Ne7 18. Qe1 Bxd5 19. exd5 Nf5 20. Qa5 Nxe3 21. fxe3 Qd7 22. a4 bxa4 23. Nd2 Rhe8 24. Nc4 Re4 25. Qa6+ Kb8 26. Rd3 Rde8 1-0

[Event "Budapest HUN"]
[Site "?"]
[Date "2002.01.06"]
[Round "3"]
[White "Francsics Endre"]
[Black "Bodrogi Mihaly"]
[Result "1-0"]
[WhiteElo "2271"]
[BlackElo "2203"]
[PlyCount "48"]
[EventDate "2002.??.??"]
[Source "www.chesslib.no"]
[SourceDate "2004.05.04"]

1. d4 e5 2. g3 g6 3. Bg2 Bg7 4. c4 Ne7 5. Nc3 c6 6. e4 Na6 7. Nge2 O-O 8. O-O d6 9. b3 Nc7 10. Ba3 Ne6 11. Qd2 a6 12. f4 exf4 13. gxf4 Nxd4 14. Rae1 b5 15. Kh1 Rb8 16. Nxd4 Bxd4 17. Ne2 Bg7 18. f5 Bf6 19. Rf3 c5 20. Rh3 Bg7 21. Bb2 Bxb2 22. Qh6 Re8 23. a4 Nxf5 24. exf5 Bd4 1-0

[Event "otb"]
[Site "otb"]
[Date "2007.02.11"]
[Round "2"]
[White "Sokolov Anatoly V"]
[Black "Shchukin Dmitry"]
[Result "0-1"]
[WhiteElo "2124"]
[BlackElo "2336"]
[PlyCount "102"]
[Source "www.chesslib.no"]
[SourceDate "2004.05.04"]

1. d4 e5 2. d5 Nf6 3. c4 Bc5 4. Nc3 d6 5. e3 O-O 6. Bd3 Re8 7. Qc2 c6 8. Bd2 Nbd7 9. Nge2 cxd5 10. cxd5 a6 11. Ng3 Bb4 12. e4 Nc5 13. Be2 Bd7 14. Rc1 Rc8 15. O-O b5 16. Qb1 Na4 17. Rc2 Nxc3 18. bxc3 Bc5 19. c4 Rb8 20. Rb2 Qb6 21. cxb5 axb5 22. h3 h6 23. Qd3 Ra8 24. Be3 Ra4 25. Bxc5 dxc5 26. Rxb5 Bxb5 27. Qxb5 Rb4 28. Qxb6 Rxb6 29. a4 g6 30. Bb5 Rc8 31. Rc1 Kf8 32. f3 Ne8 33. Bc6 Rb4 34. Nf1 Nd6 35. Ne3 h5 36. a5 Rc7 37. Rxc5 Ke7 38. a6 Rb1+ 39. Kf2 Ra1 40. Kg3 Rxa6 41. Rc2 Ra3 42. Kf2 Rca7 43. Ke2 Ra2 44. Kd2 h4 45. Rxa2 Rxa2+ 46. Kc3 f5 47. exf5 gxf5 48. Nc2 Kd8 49. Kb3 Ra7 50. Kb4 Kc7 51. Kc5 Ra2 0-1

[Event "Passau op 7th"]
[Site "?"]
[Date "1999.04.04"]
[Round "6"]
[White "Heyne Martin"]
[Black "Vogel Robert"]
[Result "1-0"]
[WhiteElo "2167"]
[BlackElo "2290"]
[PlyCount "85"]
[EventDate "1999.??.??"]
[Source "www.chesslib.no"]
[SourceDate "2004.05.04"]

1. d4 e5 2. dxe5 Nc6 3. e4 Nxe5 4. f4 Nc6 5. Nc3 Bc5 6. Nf3 d6 7. Na4 Bb6 8. Nxb6 axb6 9. Bd3 Nf6 10. O-O O-O 11. Re1 Re8 12. Bd2 b5 13. a3 Bg4 14. h3 Bh5 15. g4 Nxg4 16. hxg4 Bxg4 17. c3 Qf6 18. Kf2 h5 19. Bxb5 d5 20. exd5 Rxe1 21. Qxe1 Ne7 22. Bd3 Nxd5 23. Qe4 Qb6+ 24. Kg3 Nf6 25. Qe3 Qxb2 26. Rb1 Qxa3 27. Rxb7 Qd6 28. Ng5 Re8 29. Qd4 Qc6 30. Rb1 h4+ 31. Kh2 Bd7 32. Bc4 Ng4+ 33. Kg1 Nh6 34. Re1 Rxe1+ 35. Bxe1 h3 36. Bd5 Qg6 37. Bxf7+ Nxf7 38. Qxd7 Nxg5 39. Qd8+ Kh7 40. Qxg5 Qe4 41. Qg3 Kg8 42. Kh2 Kf7 43. Bf2 1-0

[Event "Bucharest ROM"]
[Site "?"]
[Date "2006.01.18"]
[Round "5"]
[White "Diulger Alexey"]
[Black "Osman Mihai"]
[Result "1-0"]
[WhiteElo "2294"]
[BlackElo "2161"]
[PlyCount "143"]
[EventDate "2006.??.??"]
[Source "www.chesslib.no"]
[SourceDate "2004.05.04"]

1. d4 e5 2. dxe5 Nc6 3. Nf3 Qe7 4. Qd5 f6 5. exf6 Nxf6 6. Qd1 Ne4 7. Nbd2 d5 8. Nxe4 dxe4 9. Nd4 e3 10. Bxe3 Qb4+ 11. c3 Qxb2 12. Rc1 Qxa2 13. Nxc6 bxc6 14. g3 Be6 15. Bg2 Bd5 16. Bxd5 Qxd5 17. O-O Qxd1 18. Rfxd1 Bd6 19. Ra1 a5 20. Ra4 Rf8 21. Bd4 g6 22. e4 Kf7 23. Rda1 c5 24. Be3 Rfb8 25. Rxa5 Rb1+ 26. Rxb1 Rxa5 27. c4 Ra4 28. Rc1 Ke6 29. Rc2 h5 30. Kg2 Ra3 31. Bc1 Rd3 32. f3 Be5 33. h4 Bd4 34. Bf4 Be5 35. Ra2 Bxf4 36. gxf4 Rd4 37. Ra6+ Kf7 38. Ra4 c6 39. Kf2 Rd2+ 40. Ke3 Rh2 41. Ra5 Rxh4 42. Rxc5 Rh2 43. Rxc6 h4 44. Rc7+ Kg8 45. Ra7 h3 46. Ra1 Kf7 47. Rg1 Rc2 48. Rg3 h2 49. Rh3 Ke6 50. Rh6 Kf6 51. c5 Kg7 52. Rh3 Rc3+ 53. Kf2 g5 54. fxg5 Kg6 55. Rxh2 Kxg5 56. Rg2+ Kf6 57. Kg3 Rxc5 58. Kf4 Rh5 59. Ra2 Rh4+ 60. Ke3 Rh1 61. Ra6+ Kg5 62. Ra5+ Kf6 63. Kf4 Rh4+ 64. Kg3 Rh1 65. Kg4 Ke6 66. Rh5 Rg1+ 67. Kf4 Rg8 68. Rh6+ Kd7 69. e5 Rf8+ 70. Ke4 Rg8 71. f4 Rg1 72. Kf5 1-0

[Event "Solymar op"]
[Site "?"]
[Date "1996.??.??"]
[Round "?"]
[White "Timar Zsolt"]
[Black "Mayer Istvan"]
[Result "0-1"]
[WhiteElo "2210"]
[BlackElo "2240"]
[PlyCount "73"]
[EventDate "1996.??.??"]
[Source "www.chesslib.no"]
[SourceDate "2004.05.04"]

1. d4 e5 2. dxe5 Nc6 3. Nf3 Qe7 4. e3 Nxe5 5. Nxe5 Qxe5 6. Nc3 Nf6 7. Qd4 Qxd4 8. exd4 Bb4 9. Bd2 c6 10. Bc4 d5 11. Bd3 O-O 12. O-O Bd7 13. a3 Ba5 14. b4 Bb6 15. Ne2 Rfe8 16. c3 g6 17. Bg5 Ne4 18. Bxe4 dxe4 19. Bf6 Re6 20. Be5 f6 21. Bg3 g5 22. h3 Ree8 23. c4 Be6 24. Rac1 a5 25. c5 Bd8 26. Nc3 Bc4 27. Rfe1 f5 28. Nxe4 Bf7 29. Nd6 Rxe1+ 30. Rxe1 f4 31. Bh2 axb4 32. axb4 Bf6 33. g3 Bxd4 34. gxf4 Ra2 35. Bg3 gxf4 36. Bh4 Bc3 37. Rb1 0-1

[Event "Stockholm SWE, 25. Rilton Cup"]
[Site "?"]
[Date "2005.12.30"]
[Round "4"]
[White "Bellon Lopez Juan Manuel"]
[Black "Marder Simon"]
[Result "1-0"]
[WhiteElo "2401"]
[BlackElo "2048"]
[PlyCount "61"]
[EventDate "2005.??.??"]
[Source "www.chesslib.no"]
[SourceDate "2004.05.04"]

1. d4 e5 2. dxe5 Nc6 3. Nf3 Qe7 4. Bf4 Qb4+ 5. Nc3 Qxb2 6. Bd2 Bb4 7. Rb1 Qa3 8. Rb3 Qa5 9. a3 Bxc3 10. Bxc3 Qc5 11. e3 Nge7 12. Bd3 a6 13. O-O Ng6 14. Be4 Ngxe5 15. Nxe5 Nxe5 16. Qh5 d6 17. Bd4 Qa5 18. f4 Nc4 19. Qe2 d5 20. Bxg7 Rg8 21. Bc3 Qc5 22. Bd4 Bg4 23. Qe1 Qd6 24. Bxh7 O-O-O 25. Bxg8 Rxg8 26. e4 dxe4 27. Qxe4 Nd2 28. Qxb7+ Kd7 29. Rd3 Bf3 30. Rfxf3 Nxf3+ 31. Qxf3 1-0

[Event "Corr"]
[Site "?"]
[Date "1999.08.15"]
[Round "?"]
[White "Glaser Karel (CZE)"]
[Black "Nicholls Mervyn C.(ENG)"]
[Result "1-0"]
[WhiteElo "2065"]
[BlackElo "2383"]
[PlyCount "55"]
[EventDate "1999.??.??"]
[Source "www.chesslib.no"]
[SourceDate "2004.05.04"]

1. d4 e5 2. dxe5 Nc6 3. Nf3 Qe7 4. Qd5 f6 5. exf6 Nxf6 6. Qb3 d5 7. Bg5 Qb4+ 8. Qxb4 Nxb4 9. Na3 Ne4 10. e3 Nxg5 11. Nxg5 Bf5 12. c3 h6 13. Nf3 Nd3+ 14. Bxd3 Bxd3 15. Rd1 Bxa3 16. Rxd3 Bxb2 17. Ke2 O-O-O 18. c4 dxc4 19. Rd2 Bf6 20. a4 c6 21. Rb1 c3 22. Rd3 Rhe8 23. Rb4 b6 24. Rxd8+ Rxd8 25. e4 Re8 26. Kd3 c5 27. Rb1 Kc7 28. Re1 1-0

[Event "Dortmund op-A"]
[Site "Dortmund GER"]
[Date "1993.??.??"]
[Round "2"]
[White "Blecken, Volker"]
[Black "Richter, Klaus"]
[Result "1/2-1/2"]
[WhiteElo "2200"]
[BlackElo "2240"]
[PlyCount "105"]
[EventDate "1993.04.??"]
[Source "www.chesslib.no"]
[SourceDate "2004.05.04"]

1. d4 e5 2. dxe5 Nc6 3. Nf3 Qe7 4. Nc3 Nxe5 5. e4 c6 6. Nxe5 Qxe5 7. f4 Qe7 8. Be2 d6 9. O-O Bd7 10. Kh1 h5 11. Be3 Nf6 12. Qd4 Ng4 13. Rae1 Nxe3 14. Qxe3 h4 15. h3 Qd8 16. e5 Qb6 17. Qxb6 axb6 18. exd6 O-O-O 19. Rd1 Bf5 20. Bd3 Bxd3 21. Rxd3 Bxd6 22. Ne4 Bc7 23. f5 Rxd3 24. cxd3 f6 25. b3 Rd8 26. Rf3 Be5 27. Kg1 Rd5 28. Kf1 Ra5 29. Rf2 Kc7 30. a4 b5 31. Nc5 bxa4 32. Ne6+ Kd6 33. bxa4 Rxa4 34. Rc2 b5 35. Ke2 Bd4 36. Kf3 c5 37. Kg4 Bc3+ 38. Kh5 b4 39. Kg6 Ra7 40. Nxg7 Rxg7+ 41. Kxg7 Ke5 42. Rf2 b3 43. Rf1 b2 44. Kf7 Kd4 45. Kxf6 Kxd3+ 46. Ke6 Kc2 47. Kd5 Bd4 48. f6 Bxf6 49. Kxc5 Kd3 50. Rf3+ Ke2 51. Rb3 Kf2 52. Kd5 Kxg2 53. Ke6 1/2-1/2

[Event "POL-ch (Women)"]
[Site "Ostrow"]
[Date "2002.03.15"]
[Round "11"]
[White "Zielinska, Marta"]
[Black "Pokojska, Daria"]
[Result "1-0"]
[WhiteElo "2410"]
[BlackElo "2029"]
[PlyCount "63"]
[EventDate "2002.03.05"]
[Source "ChessBase"]
[SourceDate "2002.05.03"]

1. d4 e5 2. d5 f5 3. c4 Nf6 4. g3 Bb4+ 5. Bd2 Bxd2+ 6. Qxd2 O-O 7. Nc3 d6 8. Bg2 Nbd7 9. f3 a5 10. Nh3 a4 11. O-O Nc5 12. Rab1 Bd7 13. b4 axb3 14. axb3 Ra3 15. Qc2 Qa8 16. Nf2 b5 17. Nd3 bxc4 18. Nxc5 Qa7 19. b4 dxc5 20. Kh1 cxb4 21. Rxb4 Qc5 22. Qb2 Rfa8 23. Rd1 Qe3 24. Rxc4 c6 25. dxc6 Be6 26. c7 Bxc4 27. Qxa3 Rxa3 28. c8=Q+ Kf7 29. Qxc4+ Kg6 30. Nd5 Nxd5 31. Qxd5 Qxe2 32. Qe6+ 1-0

[Event "Voronezh RUS"]
[Site "?"]
[Date "2006.06.18"]
[Round "6"]
[White "Gilbert Jessie"]
[Black "Bojarinov Victor A"]
[Result "1/2-1/2"]
[WhiteElo "2144"]
[BlackElo "2295"]
[PlyCount "118"]
[EventDate "2006.??.??"]
[Source "www.chesslib.no"]
[SourceDate "2004.05.04"]

1. d4 e5 2. dxe5 Nc6 3. Nf3 Qe7 4. g3 Nxe5 5. Nxe5 Qxe5 6. Bg2 h5 7. h4 Bc5 8. c3 Nf6 9. Bf4 Qe7 10. Nd2 d5 11. Nb3 Bd6 12. Bg5 c6 13. Qd3 a5 14. Nd4 Bc5 15. Nf5 Bxf5 16. Qxf5 Qe6 17. Qxe6+ fxe6 18. Bxf6 gxf6 19. Rd1 f5 20. e3 a4 21. Bf3 Ke7 22. Ke2 e5 23. Rhe1 a3 24. b3 e4 25. Bg2 Rhg8 26. Bh3 Kf6 27. Bf1 Bd6 28. Kd2 b5 29. Be2 Rh8 30. Kc2 Be5 31. Rd2 b4 32. cxb4 Rab8 33. Rb1 Rxb4 34. Kd1 Bc3 35. Rc2 d4 36. exd4 Rxd4+ 37. Kc1 Bb2+ 38. Rbxb2 axb2+ 39. Kxb2 Rd6 40. Kc3 Ke5 41. a4 Ra8 42. Ra2 f4 43. gxf4+ Kxf4 44. a5 Rd5 45. b4 Rf5 46. a6 e3 47. fxe3+ Kxe3 48. Bd3 Rf3 49. Ra5 Kf2 50. Kc2 Rf4 51. Rxh5 Rxb4 52. Rc5 Rxh4 53. Rxc6 Ke3 54. Bf5 Rf8 55. Bc8 Kd4 56. Bb7 Rh2+ 57. Kb3 Rf3+ 58. Ka4 Ra2+ 59. Kb4 Rb2+ 1/2-1/2

[Event "Heves Fregatt op 2nd"]
[Site "?"]
[Date "2001.05.13"]
[Round "7"]
[White "Szekeres Robert"]
[Black "Eberth Zoltan"]
[Result "0-1"]
[WhiteElo "2259"]
[BlackElo "2170"]
[PlyCount "76"]
[EventDate "2001.??.??"]
[Source "www.chesslib.no"]
[SourceDate "2004.05.04"]

1. d4 e5 2. dxe5 Nc6 3. Nf3 f6 4. e4 fxe5 5. Bc4 Nf6 6. Ng5 d5 7. exd5 Na5 8. Bb5+ c6 9. dxc6 Qxd1+ 10. Kxd1 Nxc6 11. Bxc6+ bxc6 12. Re1 Bd6 13. Ne4 Nxe4 14. Rxe4 O-O 15. Ke1 c5 16. f3 Bb7 17. Re2 e4 18. fxe4 Bxh2 19. c4 Rad8 20. Bd2 Bc8 21. Be3 Bg4 22. Bf2 Bxe2 23. Kxe2 Rb8 24. Bxc5 Rxb2+ 25. Nd2 Rd8 26. Be3 Be5 27. Rc1 Rxa2 28. c5 Bd4 29. Bg5 Rc8 30. Be7 Be5 31. Bd6 Bf6 32. Bf4 Be7 33. Be3 Kf7 34. Kf3 Ke6 35. Nb3 Bf6 36. Rd1 Be5 37. Bd4 Ra3 38. Rd3 Rxb3 0-1

[Event "Open"]
[Site "?"]
[Date "1998.03.27"]
[Round "7"]
[White "Kragelj Igor"]
[Black "Senoner Erich"]
[Result "1-0"]
[WhiteElo "2310"]
[BlackElo "2115"]
[PlyCount "121"]
[EventDate "1998.??.??"]
[Source "www.chesslib.no"]
[SourceDate "2004.05.04"]

1. d4 e5 2. dxe5 Nc6 3. Nf3 d5 4. exd6 Bxd6 5. Nc3 a6 6. a3 Bf5 7. Bg5 f6 8. Bh4 Qe7 9. e3 O-O-O 10. Bd3 Nh6 11. O-O Bg4 12. Qe1 Bxf3 13. gxf3 Ne5 14. Be2 g5 15. Bg3 f5 16. f4 gxf4 17. exf4 Ng6 18. Bc4 Qxe1 19. Rfxe1 Nxf4 20. Rad1 Nh3+ 21. Kg2 Nf4+ 22. Kf1 Ng6 23. Bxd6 Rxd6 24. Rxd6 cxd6 25. Be6+ Kd8 26. Bd5 Kc8 27. Re6 Rd8 28. Ne2 Ng8 29. Re3 N8e7 30. Be6+ Kb8 31. Nd4 f4 32. Rh3 Rh8 33. Rh5 Kc7 34. Ke2 Ne5 35. Rh6 N7g6 36. h4 Kb8 37. h5 Nh4 38. Rf6 f3+ 39. Kd2 Re8 40. Rf4 Ng2 41. Rf6 Nh4 42. Bd5 Kc7 43. h6 Re7 44. Ne6+ Kb6 45. Rf4 Nhg6 46. Rb4+ Ka7 47. Ng5 a5 48. Rd4 b5 49. Nxf3 Kb6 50. Ng5 Kc5 51. c3 a4 52. Ne4+ Kb6 53. Nxd6 Rd7 54. Ne8 Ne7 55. Be4 Nc4+ 56. Kc2 Ra7 57. Nf6 Nc6 58. Rd7 Ra8 59. Rxh7 N4e5 60. Nd7+ Nxd7 61. Rxd7 1-0

[Event "ROM Ch"]
[Site "?"]
[Date "2005.12.01"]
[Round "6"]
[White "Barzanu Iulian"]
[Black "Marinescu Mircea"]
[Result "1-0"]
[WhiteElo "2165"]
[BlackElo "2259"]
[PlyCount "99"]
[EventDate "2005.??.??"]
[Source "www.chesslib.no"]
[SourceDate "2004.05.04"]

1. d4 e5 2. dxe5 Nc6 3. Nf3 Qe7 4. Nc3 Nxe5 5. e4 c6 6. Bf4 d6 7. Be2 Nf6 8. Qd4 Ng6 9. Bg3 Nh5 10. O-O-O Nxg3 11. hxg3 Bg4 12. Rhe1 Bxf3 13. gxf3 Qe5 14. Qe3 Be7 15. f4 Qa5 16. Bg4 h6 17. e5 d5 18. f5 Bc5 19. Qd3 Nf8 20. f6 g6 21. e6 fxe6 22. Bxe6 Kd8 23. Nxd5 Nxe6 24. Rxe6 Kc8 25. Ne7+ Kb8 26. Kb1 a6 27. Nxg6 Rc8 28. Ne7 Rf8 29. Qd7 Qc7 30. f4 h5 31. a3 a5 32. Ng6 Rf7 33. Re8+ Ka7 34. Qxc7 Rxc7 35. Rxa8+ Kxa8 36. Rd8+ Ka7 37. Ne5 h4 38. gxh4 Rh7 39. f7 Rxh4 40. f8=Q Bxf8 41. Rxf8 Rh1+ 42. Ka2 Rh2 43. f5 Rxc2 44. f6 Re2 45. Nd7 a4 46. f7 Re7 47. Ne5 Rxe5 48. Re8 Rf5 49. f8=Q Rxf8 50. Rxf8 1-0

[Event "It (Open) Bar SCG"]
[Site "?"]
[Date "2006.03.22"]
[Round "5"]
[White "Jovanovic Zoran"]
[Black "Ratkovic Milorad"]
[Result "1-0"]
[WhiteElo "2291"]
[BlackElo "2130"]
[PlyCount "69"]
[EventDate "2006.??.??"]
[Source "www.chesslib.no"]
[SourceDate "2004.05.04"]

1. d4 e5 2. dxe5 Nc6 3. Nf3 h6 4. Bd2 Nge7 5. Bc3 Ng6 6. e3 Bb4 7. Bxb4 Nxb4 8. Bd3 O-O 9. Qd2 Qe7 10. Bxg6 fxg6 11. Nc3 Qe6 12. h3 b6 13. a3 Na6 14. O-O-O Rf7 15. Nd5 Bb7 16. Kb1 Raf8 17. Nf4 Qf5 18. Nh4 Qe4 19. f3 Qa4 20. Nhxg6 Re8 21. h4 c5 22. Nd5 Qc6 23. h5 b5 24. Rh4 Qe6 25. Rf4 Bc6 26. e4 b4 27. Rxf7 Qxf7 28. Qd3 Nb8 29. axb4 cxb4 30. Nxb4 Rc8 31. Qd6 Re8 32. Nxc6 dxc6 33. e6 Qb7 34. e7 Qc8 35. Qd8 1-0

[Event "Batalha dos Mestres-2"]
[Site "Lisboa CG"]
[Date "2001.04.10"]
[Round "10"]
[White "Santos, Carlos P"]
[Black "Fontes, Carlos"]
[Result "1-0"]
[WhiteElo "2416"]
[BlackElo "2000"]
[PlyCount "71"]
[EventDate "2001.03.27"]
[Source "www.chesslib.no"]
[SourceDate "2004.05.04"]

1. d4 e5 2. dxe5 Nc6 3. Nf3 d6 4. Bg5 Qd7 5. exd6 Bxd6 6. e3 h6 7. Bh4 Ne5 8. Nxe5 Bxe5 9. Qxd7+ Bxd7 10. Nc3 Nf6 11. O-O-O Be6 12. Be2 O-O 13. Nb5 a6 14. Nd4 Rfe8 15. Bf3 Bd5 16. Bxd5 Nxd5 17. Nf3 Nf6 18. Nxe5 Rxe5 19. Bxf6 gxf6 20. Rd7 Rc8 21. Rhd1 f5 22. R1d5 Rce8 23. Rxe5 Rxe5 24. Rxc7 f4 25. exf4 Re2 26. Rxb7 Rxf2 27. Rb3 Rxf4 28. Rf3 Ra4 29. Ra3 Rh4 30. h3 Rf4 31. Rxa6 Rf2 32. g4 Kg7 33. Ra5 Rg2 34. b4 Rg3 35. Rh5 Kg6 36. b5 1-0

[Event "Open Isole Medes"]
[Site "L'Estartit SPA"]
[Date "2008.01.04"]
[Round "9.29"]
[White "Slings, Stefan"]
[Black "Ruijgrok, Dennis"]
[Result "1/2-1/2"]
[WhiteElo "2076"]
[BlackElo "2330"]
[PlyCount "24"]
[EventDate "2007.12.28"]
[Source "www.chesslib.no"]
[SourceDate "2004.05.04"]

1. d4 e5 2. Qd2 e4 3. Qf4 f5 4. h3 Bb4+ 5. Nd2 a5 6. a4 d6 7. Qh2 Qh4 8. Ra3 Be6 9. Rg3 Bb3 10. c4 c5 11. f3 f4 12. d5 e3 1/2-1/2